[Event "XVII MetLife Najdorf Open 2017"]
[Site "Warsaw"]
[Date "2017.07.10"]
[Round "2.59"]
[White "Godzwon, Iwo"]
[Black "Eggink, Ryszard"]
[Result "0-1"]
[WhiteElo "2205"]
[BlackElo "2322"]
[Annotator "ChessBase"]
[PlyCount "132"]
[EventDate "2017.??.??"]
[EventType "swiss"]
[EventCountry "POL"]
[SourceTitle "playchess.com"]
[Source "ChessBase"]
[SourceQuality "1"]
[TimeControl "40/5400+30:1800+30"]

1. e4 c5 2. Nf3 d6 3. d4 cxd4 4. Nxd4 Nf6 5. Nc3 a6 6. Bg5 Nbd7 7. Bc4 Qb6 8. Bb3 e6 9. Qd2 Be7 10. O-O-O Nc5 11. Rhe1 Qc7 12. f4 h6 13. e5 dxe5 14. fxe5 hxg5 15. exf6 gxf6 16. Nf5 Kf8 17. Nxe7 Qxe7 18. Qf2 Rh6 19. Nd5 Qd6 20. Nxf6 Qf4+ 21. Qxf4 gxf4 22. Rd8+ Ke7 23. Ng8+ Kxd8 24. Nxh6 Ke7 25. Ng8+ Kd6 26. Nf6 b6 27. Ne4+ Nxe4 28. Rxe4 e5 29. Bxf7 Bb7 30. Re2 Rh8 31. g3 f3 32. Rf2 Ke7 33. Bc4 Rd8 34. Rd2 Rc8 35. Bf1 e4 36. Rd4 Rh8 37. h3 e3 38. Rd3 e2 39. Bxe2 fxe2 40. Re3+ Kd7 41. Rxe2 Rxh3 42. Re3 Rh2 43. b3 Kd6 44. Kb2 Rf2 45. Re8 Bc6 46. Re1 Rf3 47. Rg1 Be4 48. c4 Rf2+ 49. Ka3 Kc5 50. Re1 Kd4 51. Rd1+ Kc3 52. Rc1+ Bc2 53. Rg1 Rf5 54. b4 a5 55. b5 Kxc4 56. Rc1 Kc3 57. Rh1 Rxb5 58. Rh6 Rb4 59. Rc6+ Rc4 60. Rxc4+ Kxc4 61. Kb2 Bf5 62. Ka1 b5 63. Kb2 b4 64. Ka1 a4 65. Kb2 b3 66. a3 Bg4 0-1

[Event "XVII MetLife Najdorf Open 2017"]
[Site "Warsaw"]
[Date "2017.07.10"]
[Round "2.60"]
[White "Urazayev, Arystanbek"]
[Black "Kiolbasa, Oliwia"]
[Result "1-0"]
[WhiteElo "2322"]
[BlackElo "2253"]
[Annotator "NA"]
[PlyCount "89"]
[EventDate "2017.??.??"]
[EventType "swiss"]
[EventCountry "POL"]
[SourceTitle "playchess.com"]
[Source "ChessBase"]
[SourceQuality "1"]
[TimeControl "40/5400+30:1800+30"]

1. e4 e5 2. Nf3 Nc6 3. Bc4 Bc5 4. O-O Nf6 5. d3 a6 6. c3 Ba7 7. Nbd2 d6 8. a4 h6 9. Re1 O-O 10. h3 Ne7 11. Nf1 Ng6 12. Ng3 c6 13. Ba2 Re8 14. d4 Qc7 15. Be3 Be6 16. Bxe6 Rxe6 17. Qc2 Ree8 18. Rad1 Bb6 19. Qb3 Ba7 20. Nd2 d5 21. dxe5 Nxe5 22. Bxa7 Rxa7 23. exd5 Nxd5 24. Nde4 Raa8 25. c4 Nf4 26. Nd6 Nf3+ 27. Qxf3 Rxe1+ 28. Rxe1 Qxd6 29. Nf5 Qd2 30. Re7 Rd8 31. Kh2 Rf8 32. Rxb7 Ne6 33. b4 g6 34. Ne7+ Kg7 35. Nxc6 Qd6+ 36. Kg1 Nf4 37. c5 Ne2+ 38. Qxe2 Qxc6 39. Qe5+ Kg8 40. Rb8 Qxa4 41. Rxf8+ Kxf8 42. Qd6+ Kg7 43. c6 Qc2 44. c7 Qc3 45. Qc5 1-0

[Event "XVII MetLife Najdorf Open 2017"]
[Site "Warsaw"]
[Date "2017.07.10"]
[Round "2.61"]
[White "Srinath, Rao S V"]
[Black "Kowalczyk, Rafal"]
[Result "1-0"]
[WhiteElo "2321"]
[BlackElo "2240"]
[Annotator "ChessBase"]
[PlyCount "47"]
[EventDate "2017.??.??"]
[EventType "swiss"]
[EventCountry "POL"]
[SourceTitle "playchess.com"]
[Source "ChessBase"]
[SourceQuality "1"]
[TimeControl "40/5400+30:1800+30"]

1. d4 d5 2. Nf3 Nf6 3. Bf4 e6 4. e3 c5 5. c3 Qb6 6. Qb3 c4 7. Qc2 Nc6 8. Nbd2 Qa5 9. Be2 b5 10. O-O b4 11. e4 Bb7 12. exd5 exd5 13. Rfe1 Be7 14. Ne5 Nxe5 15. dxe5 Nd7 16. e6 Nf6 17. exf7+ Kxf7 18. Qf5 Bc8 19. Qe5 Qc5 20. cxb4 Qxb4 21. a3 Qc5 22. b4 cxb3 23. Nxb3 Qb6 24. Bh5+ 1-0

[Event "XVII MetLife Najdorf Open 2017"]
[Site "Warsaw"]
[Date "2017.07.10"]
[Round "2.62"]
[White "Jeet, Jain"]
[Black "Yelisieiev, Yevhenii"]
[Result "1-0"]
[WhiteElo "2191"]
[BlackElo "2317"]
[Annotator "ChessBase"]
[PlyCount "95"]
[EventDate "2017.??.??"]
[EventType "swiss"]
[EventCountry "POL"]
[SourceTitle "playchess.com"]
[Source "ChessBase"]
[SourceQuality "1"]
[TimeControl "40/5400+30:1800+30"]

1. e4 d6 2. d4 Nf6 3. Nc3 e5 4. Nf3 Nbd7 5. Be2 c6 6. a4 b6 7. O-O Be7 8. Re1 O-O 9. h3 Bb7 10. Bf1 a6 11. b3 h6 12. dxe5 dxe5 13. Nh4 Bb4 14. Bb2 Nc5 15. Qf3 Nh7 16. Nf5 Qf6 17. Qg3 Ne6 18. Red1 Nhg5 19. h4 Nxe4 20. Nxh6+ Qxh6 21. Nxe4 Be7 22. Bxe5 Bxh4 23. Qc3 Rad8 24. Nd6 Ba8 25. Nf5 Qh5 26. Nxg7 Nxg7 27. Bxg7 Rxd1 28. Rxd1 Re8 29. Rd6 Bg5 30. Be5 Kf8 31. Rd3 Bh4 32. Re3 Re6 33. a5 Qf5 34. Bg3 Bf6 35. Qd2 b5 36. Qd7 Re5 37. Qd6+ Re7 38. Rxe7 Bxe7 39. Qb8+ Kg7 40. Qxa8 Qxc2 41. Qxa6 Bc5 42. Qb7 Qc3 43. Qc7 Bd4 44. a6 Qc5 45. b4 Qa7 46. Qxa7 Bxa7 47. Bd6 Kf6 48. Bc5 1-0

[Event "XVII MetLife Najdorf Open 2017"]
[Site "Warsaw"]
[Date "2017.07.10"]
[Round "2.63"]
[White "Bednarek, Sylwester"]
[Black "Bus, Konrad"]
[Result "1-0"]
[WhiteElo "2309"]
[BlackElo "2219"]
[Annotator "ChessBase"]
[PlyCount "131"]
[EventDate "2017.??.??"]
[EventType "swiss"]
[EventCountry "POL"]
[SourceTitle "playchess.com"]
[Source "ChessBase"]
[SourceQuality "1"]
[TimeControl "40/5400+30:1800+30"]

1. d4 d5 2. g3 Nf6 3. Bg2 c6 4. Nf3 Bf5 5. Nh4 Be4 6. f3 Bg6 7. Nc3 e6 8. Nxg6 hxg6 9. e4 c5 10. exd5 Nxd5 11. f4 Nc6 12. Nxd5 exd5 13. Qe2+ Be7 14. dxc5 O-O 15. O-O Bxc5+ 16. Kh1 Bb6 17. Bd2 Qd7 18. Qd3 Rad8 19. Rad1 Qf5 20. Be1 Qxd3 21. Rxd3 d4 22. a3 Rfe8 23. Bd2 Re7 24. Bf3 Na5 25. b3 Rc8 26. Bd1 Nc6 27. Kg2 Ree8 28. Bf3 Ne7 29. Rc1 Rc7 30. g4 Nc6 31. h4 Rec8 32. Kg3 Nd8 33. c4 dxc3 34. Rcxc3 Nc6 35. Kg2 Kf8 36. b4 Rd8 37. Rxd8+ Nxd8 38. Rd3 Ne6 39. Bd5 Rd7 40. Be4 Rxd3 41. Bxd3 Bd4 42. Be4 b6 43. f5 gxf5 44. gxf5 Nc7 45. Bf4 Nb5 46. a4 Nc3 47. Bc6 Bf6 48. Be3 Be7 49. a5 Na2 50. axb6 axb6 51. b5 Nc3 52. Bxb6 Nxb5 53. Bxb5 Bxh4 54. Bd4 Be7 55. Kf3 Bb4 56. Ke4 Be7 57. Kd5 Bh4 58. Kd6 Bg5 59. Kd7 Bh4 60. Bc4 g5 61. f6 g4 62. Bc5+ Kg8 63. Ke7 g3 64. Bxf7+ Kh7 65. Bd5 Bg5 66. Kf7 1-0

[Event "XVII MetLife Najdorf Open 2017"]
[Site "Warsaw"]
[Date "2017.07.10"]
[Round "2.64"]
[White "Kujawski, Adam"]
[Black "Zherebtsova, Alexandra"]
[Result "0-1"]
[WhiteElo "2300"]
[BlackElo "2219"]
[Annotator "ChessBase"]
[PlyCount "92"]
[EventDate "2017.??.??"]
[EventType "swiss"]
[EventCountry "POL"]
[SourceTitle "playchess.com"]
[Source "ChessBase"]
[SourceQuality "1"]
[TimeControl "40/5400+30:1800+30"]

1. e4 e5 2. Nf3 Nc6 3. Bb5 a6 4. Ba4 Nf6 5. O-O Be7 6. Re1 b5 7. Bb3 d6 8. c3 O-O 9. h3 Na5 10. Bc2 c5 11. d4 Nd7 12. Nbd2 exd4 13. cxd4 Nc6 14. d5 Nce5 15. Nxe5 Nxe5 16. f4 Ng6 17. Nf3 Bh4 18. Rf1 Bg3 19. f5 Ne5 20. a4 b4 21. Nxe5 Bxe5 22. Bd3 Qh4 23. Qf3 Bd7 24. Bc4 Rfe8 25. g4 h5 26. Bf4 Bxb2 27. Ra2 Be5 28. Rg2 Bxf4 29. Qxf4 Re5 30. gxh5 Qxf4 31. Rxf4 Kh7 32. h6 Rg8 33. hxg7 Rxg7 34. Rh4+ Kg8 35. Rhg4 Rxg4 36. Rxg4+ Kf8 37. a5 Bb5 38. Bxb5 axb5 39. Kf2 b3 40. Ke3 Re8 41. Rg1 Ke7 42. a6 Ra8 43. Rb1 c4 44. Kd4 Rxa6 45. e5 dxe5+ 46. Kc5 Ra2 0-1

[Event "XVII MetLife Najdorf Open 2017"]
[Site "Warsaw"]
[Date "2017.07.10"]
[Round "2.65"]
[White "Fieberg, Samuel"]
[Black "Hacker, Jonas"]
[Result "0-1"]
[WhiteElo "2169"]
[BlackElo "2297"]
[Annotator "ChessBase"]
[PlyCount "74"]
[EventDate "2017.??.??"]
[EventType "swiss"]
[EventCountry "POL"]
[SourceTitle "playchess.com"]
[Source "ChessBase"]
[SourceQuality "1"]
[TimeControl "40/5400+30:1800+30"]

1. e4 e5 2. Nf3 Nc6 3. Bc4 Bc5 4. c3 Nf6 5. d3 a6 6. O-O d6 7. a4 Ba7 8. a5 Ne7 9. h3 Ng6 10. Re1 O-O 11. d4 exd4 12. cxd4 Nxe4 13. Rxe4 d5 14. Bxd5 Qxd5 15. Nc3 Qd6 16. Re1 Bf5 17. Qb3 Rab8 18. Be3 Ne7 19. d5 Bxe3 20. Rxe3 Ng6 21. Nd4 Bc8 22. Ne4 Qd7 23. Rc1 Nf4 24. Nc6 Ra8 25. Nc5 Qd6 26. Ne7+ Kh8 27. Nxb7 Qh6 28. Kh2 Qg5 29. g3 Nxh3 30. Rc2 Nxf2 31. Rxf2 Bxb7 32. Rc3 Qxe7 33. Qxb7 Qe1 34. Rg2 Rad8 35. Rxc7 Rd6 36. Rc6 Rxd5 37. Rh6 Rd1 0-1

[Event "XVII MetLife Najdorf Open 2017"]
[Site "Warsaw"]
[Date "2017.07.10"]
[Round "2.66"]
[White "Kucza, Karol"]
[Black "Aditya Mittal"]
[Result "0-1"]
[WhiteElo "2297"]
[BlackElo "2203"]
[Annotator "ChessBase"]
[PlyCount "70"]
[EventDate "2017.??.??"]
[EventType "swiss"]
[EventCountry "POL"]
[SourceTitle "playchess.com"]
[Source "ChessBase"]
[SourceQuality "1"]
[TimeControl "40/5400+30:1800+30"]

1. e4 c5 2. Nf3 d6 3. d4 cxd4 4. Nxd4 Nf6 5. Nc3 a6 6. h3 e6 7. g4 b5 8. Bg2 Bb7 9. O-O Qc7 10. Re1 Be7 11. a4 bxa4 12. Rxa4 O-O 13. f4 Nfd7 14. f5 Nc5 15. Ra3 Nc6 16. g5 Nxd4 17. Qxd4 d5 18. f6 Nb3 19. Qf2 Bxa3 20. cxb3 Bc5 21. Be3 Bxe3 22. Qxe3 d4 23. Qxd4 Qg3 24. Rf1 Rad8 25. Qf2 Qxg5 26. fxg7 Qxg7 27. Kh1 Kh8 28. Na4 f5 29. Rg1 Rg8 30. Nc5 Bxe4 31. Nxe4 fxe4 32. Re1 e3 33. Rxe3 Rd1+ 34. Bf1 Rf8 35. Rf3 Qb7 0-1

[Event "XVII MetLife Najdorf Open 2017"]
[Site "Warsaw"]
[Date "2017.07.10"]
[Round "2.67"]
[White "Sliwicka, Alicja"]
[Black "Winiarski, Mikolaj"]
[Result "1-0"]
[WhiteElo "2164"]
[BlackElo "2295"]
[Annotator "ChessBase"]
[PlyCount "87"]
[EventDate "2017.??.??"]
[EventType "swiss"]
[EventCountry "POL"]
[SourceTitle "playchess.com"]
[Source "ChessBase"]
[SourceQuality "1"]
[TimeControl "40/5400+30:1800+30"]

1. e4 g6 2. d4 Bg7 3. Nc3 d6 4. f4 Nd7 5. Nf3 c5 6. d5 a6 7. a4 Nh6 8. Bd3 O-O 9. O-O e6 10. dxe6 fxe6 11. Ng5 Nb8 12. f5 exf5 13. exf5 Bd4+ 14. Kh1 Nxf5 15. Bc4+ Kg7 16. Nd5 h6 17. Nf3 Nc6 18. Nxd4 Ncxd4 19. c3 Nc6 20. Bf4 g5 21. Bd2 Be6 22. Qe2 Ne5 23. Ba2 Bg8 24. b4 cxb4 25. cxb4 Nd4 26. Qe4 Ndc6 27. Bc3 b5 28. a5 Ra7 29. Rad1 Rxf1+ 30. Rxf1 Rf7 31. Rd1 Rf2 32. Bb1 Qf8 33. Ne3 Rf6 34. Kg1 Qc8 35. Nf5+ Rxf5 36. Qxf5 Qxf5 37. Bxf5 Kf6 38. Be4 Ke7 39. Bxe5 Nxe5 40. Bb7 Bc4 41. Bxa6 Nd3 42. Bb7 Kd7 43. a6 Kc7 44. Ra1 1-0

[Event "XVII MetLife Najdorf Open 2017"]
[Site "Warsaw"]
[Date "2017.07.10"]
[Round "2.68"]
[White "Villegas, Pierre"]
[Black "Paramzina, Anastasya"]
[Result "1-0"]
[WhiteElo "2295"]
[BlackElo "2166"]
[Annotator "NA"]
[PlyCount "107"]
[EventDate "2017.??.??"]
[EventType "swiss"]
[EventCountry "POL"]
[SourceTitle "playchess.com"]
[Source "ChessBase"]
[SourceQuality "1"]
[TimeControl "40/5400+30:1800+30"]

1. c4 Nf6 2. g3 c5 3. Bg2 Nc6 4. Nc3 g6 5. Nf3 Bg7 6. O-O O-O 7. d4 cxd4 8. Nxd4 a6 9. c5 Nxd4 10. Qxd4 d6 11. cxd6 Ne8 12. Qh4 Nxd6 13. Rd1 Bd7 14. Bg5 f6 15. Be3 Rc8 16. Qb4 Kh8 17. Bf4 a5 18. Qb3 Bc6 19. Bxc6 Rxc6 20. Bxd6 exd6 21. Nd5 Qd7 22. Rd3 a4 23. Qd1 f5 24. Rb1 Rfc8 25. Nb4 Rc4 26. Qd2 Qc7 27. Kg2 b5 28. a3 Qb7+ 29. f3 Be5 30. Rd1 Qg7 31. Qe3 g5 32. Qb6 R4c5 33. R3d2 Qd7 34. Nd3 Qc7 35. Qa6 Rd5 36. Nxe5 Rxe5 37. Kf1 Rce8 38. Re1 R8e6 39. Rd5 Qc4 40. Rxe5 dxe5 41. Qa8+ Kg7 42. Rd1 Re7 43. Qd8 Qf7 44. Qd5 Qh5 45. Qc5 Kf7 46. Rd8 Qh3+ 47. Kg1 f4 48. g4 Qh6 49. Qxb5 Kg7 50. Rd7 Rxd7 51. Qxd7+ Kg8 52. Qe8+ Kg7 53. Qxe5+ Kg8 54. Kg2 1-0

[Event "XVII MetLife Najdorf Open 2017"]
[Site "Warsaw"]
[Date "2017.07.10"]
[Round "2.69"]
[White "Kubicka, Anna"]
[Black "Heinemann, Josefine"]
[Result "1/2-1/2"]
[WhiteElo "2152"]
[BlackElo "2294"]
[Annotator "ChessBase"]
[PlyCount "132"]
[EventDate "2017.??.??"]
[EventType "swiss"]
[EventCountry "POL"]
[SourceTitle "playchess.com"]
[Source "ChessBase"]
[SourceQuality "1"]
[TimeControl "40/5400+30:1800+30"]

1. Nf3 Nf6 2. c4 c5 3. Nc3 d5 4. cxd5 Nxd5 5. d4 Nxc3 6. bxc3 g6 7. e3 Bg7 8. Bd3 Nc6 9. O-O O-O 10. Ba3 b6 11. Rc1 Qc7 12. Qa4 Rd8 13. Be4 Bd7 14. dxc5 Na5 15. cxb6 axb6 16. Qc2 Bc6 17. Bb4 e6 18. Nd4 Bxe4 19. Qxe4 Qc4 20. Qc2 Rdc8 21. Qb2 e5 22. Nb3 Nc6 23. a3 e4 24. Bd6 Be5 25. Nd2 Qd5 26. Bxe5 Nxe5 27. c4 Qe6 28. Qb3 Qg4 29. f3 exf3 30. Nxf3 Nxc4 31. a4 Qe6 32. Rfe1 Rc5 33. Nd4 Qd5 34. Red1 Rac8 35. Rf1 Qe4 36. Rce1 Re8 37. Re2 Re7 38. Rf4 Qd5 39. h3 Re4 40. Rxe4 Qxe4 41. Nf3 h6 42. Kf2 Rf5 43. Kg1 Rd5 44. Ne1 Rd6 45. Kf2 Nd2 46. Qb2 Qf5+ 47. Nf3 Nxf3 48. gxf3 Qxh3 49. Qe5 Rd1 50. e4 Rd3 51. Qg3 Qe6 52. Rc2 Kg7 53. Qf4 Rd4 54. Qc7 Rd7 55. Qc3+ Kh7 56. Rd2 Rxd2+ 57. Qxd2 h5 58. Qf4 Kg7 59. Qc7 h4 60. Kg2 Qf6 61. Qb8 h3+ 62. Kg3 Qe6 63. Qc7 g5 64. Qc3+ Kg6 65. Qh8 Qd6+ 66. Kxh3 Qd7+ 1/2-1/2

[Event "XVII MetLife Najdorf Open 2017"]
[Site "Warsaw"]
[Date "2017.07.10"]
[Round "2.70"]
[White "Prithu Gupta"]
[Black "Pranav Vijay"]
[Result "0-1"]
[WhiteElo "2293"]
[BlackElo "2265"]
[Annotator "ChessBase"]
[PlyCount "120"]
[EventDate "2017.??.??"]
[EventType "swiss"]
[EventCountry "POL"]
[SourceTitle "playchess.com"]
[Source "ChessBase"]
[SourceQuality "1"]
[TimeControl "40/5400+30:1800+30"]

1. e4 e5 2. Nf3 Nc6 3. Bb5 a6 4. Ba4 d6 5. d4 b5 6. Bb3 Nxd4 7. Nxd4 exd4 8. Bd5 Rb8 9. Qxd4 Bd7 10. c3 Nf6 11. O-O Be7 12. Bb3 c5 13. Qd1 O-O 14. f3 Bc6 15. Be3 Qc7 16. Rf2 Rbd8 17. Rd2 c4 18. Bc2 d5 19. e5 Qxe5 20. Bd4 Qc7 21. Re2 Bd6 22. g3 Rfe8 23. Nd2 Be5 24. Rxe5 Rxe5 25. f4 Re6 26. Bf5 Red6 27. Nf3 Bd7 28. Bc2 Bg4 29. Qf1 Bxf3 30. Qxf3 Re6 31. Bf5 Rc6 32. Re1 g6 33. Bc2 Ne4 34. f5 Qd7 35. g4 Re8 36. Bxe4 dxe4 37. Rxe4 Rxe4 38. Qxe4 gxf5 39. gxf5 f6 40. Kf2 Rd6 41. Qg2+ Kf7 42. Qh3 Ke8 43. Qe3+ Kd8 44. Qe4 Kc7 45. Ke3 Qc6 46. Qe7+ Kc8 47. Qxh7 Rd8 48. Qh4 Re8+ 49. Kf2 Qh1 50. Be3 Rg8 51. Ke2 Qg2+ 52. Qf2 Qe4 53. Qf4 Qc2+ 54. Bd2 Rg2+ 55. Ke1 Qb1+ 56. Bc1 Rg1+ 57. Kf2 Qxc1 58. Qd4 Qe1+ 59. Kf3 Qd1+ 60. Qxd1 Rxd1 0-1

[Event "XVII MetLife Najdorf Open 2017"]
[Site "Warsaw"]
[Date "2017.07.10"]
[Round "2.71"]
[White "Mis, Mieszko"]
[Black "Niekras, Dawid"]
[Result "1/2-1/2"]
[WhiteElo "2137"]
[BlackElo "2291"]
[Annotator "ChessBase"]
[PlyCount "52"]
[EventDate "2017.??.??"]
[EventType "swiss"]
[EventCountry "POL"]
[SourceTitle "playchess.com"]
[Source "ChessBase"]
[SourceQuality "1"]
[TimeControl "40/5400+30:1800+30"]

1. d4 Nf6 2. Bg5 d5 3. e3 c5 4. Bxf6 gxf6 5. Nc3 e6 6. Qh5 Nc6 7. O-O-O Qa5 8. dxc5 Qxc5 9. e4 d4 10. Qxc5 Bxc5 11. Na4 Be7 12. c3 dxc3 13. Nxc3 Bc5 14. f3 Bd7 15. Bd3 Ke7 16. Nge2 Rac8 17. Rhe1 Nb4 18. Kb1 Rhg8 19. g3 Nxd3 20. Rxd3 b5 21. Red1 Rgd8 22. Nd4 b4 23. Nf5+ Ke8 24. Ng7+ Ke7 25. Nf5+ Ke8 26. Ng7+ Kf8 1/2-1/2

[Event "XVII MetLife Najdorf Open 2017"]
[Site "Warsaw"]
[Date "2017.07.10"]
[Round "2.72"]
[White "Karpus, Michal"]
[Black "Baasansuren, Erdene"]
[Result "0-1"]
[WhiteElo "2291"]
[BlackElo "2128"]
[Annotator "ChessBase"]
[PlyCount "52"]
[EventDate "2017.??.??"]
[EventType "swiss"]
[EventCountry "POL"]
[SourceTitle "playchess.com"]
[Source "ChessBase"]
[SourceQuality "1"]
[TimeControl "40/5400+30:1800+30"]

1. e4 c5 2. Nf3 d6 3. d4 cxd4 4. Nxd4 Nf6 5. Nc3 a6 6. Bg5 Nbd7 7. Bc4 e6 8. Qd2 Nc5 9. Qe3 Be7 10. f4 Ng4 11. Qg3 Bxg5 12. Qxg4 Bf6 13. O-O-O Qb6 14. e5 dxe5 15. fxe5 Bxe5 16. Rhe1 h5 17. Qg5 Bf6 18. Qe3 O-O 19. Rf1 e5 20. Nd5 exd4 21. Qg3 Ne4 22. Qd3 Bg5+ 23. Kb1 Qc5 24. h4 Be6 25. hxg5 Bxd5 26. g6 Qxc4 0-1

[Event "XVII MetLife Najdorf Open 2017"]
[Site "Warsaw"]
[Date "2017.07.10"]
[Round "2.73"]
[White "Sieber, Fiona"]
[Black "Domanski, Lukasz"]
[Result "1-0"]
[WhiteElo "2287"]
[BlackElo "2113"]
[Annotator "ChessBase"]
[PlyCount "57"]
[EventDate "2017.??.??"]
[EventType "swiss"]
[EventCountry "POL"]
[SourceTitle "playchess.com"]
[Source "ChessBase"]
[SourceQuality "1"]
[TimeControl "40/5400+30:1800+30"]

1. e4 c5 2. Nf3 e6 3. d4 cxd4 4. Nxd4 Nf6 5. Nc3 Nc6 6. Ndb5 d6 7. Bf4 e5 8. Bg5 a6 9. Na3 b5 10. Nd5 Be7 11. Bxf6 Bxf6 12. c3 Ne7 13. Nc2 Nxd5 14. Qxd5 Ra7 15. Be2 O-O 16. Qd3 Be6 17. a4 bxa4 18. Rxa4 Qb6 19. O-O Bg5 20. b4 Qc7 21. Rfa1 Rc8 22. R4a3 Qd7 23. Ne3 Bxe3 24. Qxe3 Bc4 25. Bxc4 Rxc4 26. Rxa6 Rxa6 27. Rxa6 Qc8 28. Rxd6 Rxc3 29. Qxc3 1-0

[Event "XVII MetLife Najdorf Open 2017"]
[Site "Warsaw"]
[Date "2017.07.11"]
[Round "3.1"]
[White "Fridman, Daniel"]
[Black "Kveinys, Aloyzas"]
[Result "1/2-1/2"]
[WhiteElo "2635"]
[BlackElo "2542"]
[Annotator "TA"]
[PlyCount "34"]
[EventDate "2017.??.??"]
[EventType "swiss"]
[EventCountry "POL"]
[SourceTitle "playchess.com"]
[Source "ChessBase"]
[SourceQuality "1"]

{[%evp 17,22,25,31,31,48,45,46]} 1. d4 Nf6 2. c4 e6 3. Nc3 Bb4 4. Nf3 c5 5. g3 Ne4 6. Qd3 Qa5 7. Qxe4 Bxc3+ 8. Bd2 Bxd2+ 9. Nxd2 O-O 10. Bg2 {E20: Nimzo-Indian: 4 g3 and 4 f3} (10. dxc5 Nc6 11. Bg2 b6 12. Qe3 Bb7 13. O-O Qxc5 14. Qxc5 bxc5 15. Rfd1 Rab8 16. Nb3 Ne5 17. Nxc5 Bxg2 18. Kxg2 Rxb2 19. Nxd7 Nxd7 20. Rxd7 {1-0 (36) Onischuk,A (2659)-Van Wely,L (2662) Tromsoe 2014}) 10... d5 11. cxd5 exd5 {Predecessor:} 12. Qd3 $146 Nc6 13. O-O Nxd4 14. Nb3 Nxb3 15. axb3 Qb6 16. Bxd5 Be6 17. Bxe6 Qxe6 {½-½ (44) Toth,D (2239)-Orgovan,S (2243) Hungary 2010} 1/2-1/2

[Event "XVII MetLife Najdorf Open 2017"]
[Site "Warsaw"]
[Date "2017.07.11"]
[Round "3.2"]
[White "Golubov, Saveliy"]
[Black "Piorun, Kacper"]
[Result "1/2-1/2"]
[WhiteElo "2516"]
[BlackElo "2637"]
[Annotator "TA"]
[PlyCount "73"]
[EventDate "2017.??.??"]
[EventType "swiss"]
[EventCountry "POL"]
[SourceTitle "playchess.com"]
[Source "ChessBase"]
[SourceQuality "1"]

{[%evp 18,73,0,0,2,-72,0,0,0,1,22,39,33,-125,-128,-105,-24,-75,-12,-55,0,0,29,37,87,94,93,59,62,71,77,62,77,94,72,33,37,32,40,0,42,37,37,37,32,37,35,42,42,33,35,33,35,36,66,65,57,23]} 1. d4 Nf6 2. Nf3 e6 3. Bf4 d5 4. e3 c5 5. c3 Nc6 6. Nbd2 Bd6 7. Bg3 O-O 8. Bd3 b6 9. Qe2 {D02: 1 d4 d5 2 Nf3 sidelines, including 2...Nf6 3 g3 and 2...Nf6 3 Bf4} (9. Ne5 Bb7 10. O-O Qc7 11. f4 Ne7 12. Qb1 Qc8 13. Bh4 Nf5 14. Bxf5 exf5 15. Bxf6 gxf6 16. Nef3 Qe6 17. Re1 Ba6 18. Nh4 cxd4 19. exd4 {1-0 (28) Korobov,A (2692)-Dominguez Perez,L (2739) Doha 2016}) 9... Bb7 10. Rd1 {LiveBook: 48 Games} g6 11. e4 $146 {[#]} (11. Bh4 $11) ({Predecessor:} 11. Bh4 Be7 12. O-O Nh5 13. Bxe7 Qxe7 14. Ne5 cxd4 15. Nxc6 Bxc6 16. exd4 Nf4 {1-0 (51) Kamsky,G (2638)-Zherebukh,Y (2600) Greensboro 2016}) 11... Nh5 ({Black should play} 11... Bxg3 $1 $17 12. hxg3 cxd4) 12. e5 Be7 13. a3 f5 {aiming for ...f4.} 14. exf6 $1 Bxf6 15. Nf1 $2 (15. dxc5 $14 {keeps the upper hand.} e5 16. Bb1 (16. Bxe5 $2 Nxe5 17. Nxe5 Nf4 $19)) 15... cxd4 $17 16. cxd4 Bg7 (16... Nxd4 $17 17. Nxd4 Bxd4 18. Qxe6+ Kg7 19. Be5+ Bxe5 20. Qxe5+ Qf6 21. Qxf6+ Rxf6) 17. Bb5 (17. Qxe6+ $11 Kh8 18. Ne3) 17... Qe8 (17... Qe7 $17 18. Bxc6 Bxc6) 18. Bd6 Rf4 ({Black should try} 18... a6 $15 19. Bxc6 (19. Bxf8 Nf4 $17) 19... Qxc6) 19. Ne3 $36 {[%mdl 2048] White is pushing.} Re4 (19... a6 $5 {[%cal Ra6b5]} 20. Bxc6 (20. Bxf4 Nxf4 21. Bxc6 Bxc6 $15) 20... Bxc6 $11) 20. O-O a6 21. Bxc6 $1 Bxc6 22. Qc2 Bb5 23. Rfe1 $1 Rc8 24. Qb1 Qd7 25. Be5 Nf4 26. Ng5 Ne2+ 27. Kh1 Rxd4 28. Bxg7 (28. Bxd4 {keeps more tension.} Nxd4 29. Ng4 Qd6 30. Rxd4 Bxd4 31. Nh6+) 28... Qxg7 (28... Kxg7 {is more complex.} 29. Rxd4 Nxd4 30. Qd1 e5 31. h3 h6) 29. Nxe6 {White is slightly better.} Rxd1 30. Qxd1 Qe5 31. Qxd5 Qxd5 32. Nxd5 {[#] And now Ne7+ would win.} Rc2 33. b3 ({But not} 33. Nxb6 $2 Rc6 $19) 33... Rd2 34. Nec7 ({Much weaker is} 34. Nxb6 Rd6 $11) 34... Nd4 35. a4 Be2 36. Nxb6 Nxb3 37. h3 {Precision: White = 45%, Black = 43%.} 1/2-1/2

[Event "XVII MetLife Najdorf Open 2017"]
[Site "Warsaw"]
[Date "2017.07.11"]
[Round "3.3"]
[White "Edouard, Romain"]
[Black "Warakomski, Tomasz"]
[Result "1/2-1/2"]
[WhiteElo "2622"]
[BlackElo "2518"]
[Annotator "TA"]
[PlyCount "63"]
[EventDate "2017.??.??"]
[EventType "swiss"]
[EventCountry "POL"]
[SourceTitle "playchess.com"]
[Source "ChessBase"]
[SourceQuality "1"]

{[%evp 16,63,25,10,37,20,82,83,102,98,100,107,82,88,101,91,90,26,19,25,23,23,48,29,21,6,25,0,6,0,6,3,22,0,0,0,16,2,16,16,16,16,15,14,13,22,22,22,16,4]} 1. c4 e5 {[%cal Be7e5,Be5e4,Be4d3][%mdl 32]} 2. Nc3 Nf6 3. g3 c6 4. Nf3 e4 5. Nd4 Qb6 6. Nb3 a5 {A23: English Opening: 1...e5 2 Nc3 Nf6 3 g3 c6} 7. d3 (7. Na4 Qd8 8. Bg2 d5 9. cxd5 cxd5 10. d3 Bb4+ 11. Nc3 a4 12. Nd4 Nc6 13. Nc2 Bxc3+ 14. bxc3 {½-½ (90) Piorun,K (2676)-Kravtsiv,M (2634) Lublin 2016}) 7... a4 8. Nd2 exd3 9. Bg2 {LiveBook: 4 Games} a3 10. Rb1 $146 ({Predecessor:} 10. Nb3 Bb4 11. O-O O-O 12. Qxd3 d5 13. cxd5 Bxc3 14. bxc3 Nxd5 {1-0 (41) Klekowski,M (2473)-Mikrut,D (2404) Krakow 2017}) 10... d5 (10... axb2 $11 {keeps the balance.} 11. Bxb2 d5) 11. cxd5 $16 Qa6 {[#]} 12. O-O $1 Bb4 13. exd3 O-O 14. dxc6 Nxc6 15. Nde4 Nxe4 16. Nxe4 ({White should play} 16. Bxe4 $16 {Hoping for Nd5.} Ne7 17. Bd2) 16... Rd8 $11 17. bxa3 Bxa3 18. Be3 Be7 19. Qh5 Qxd3 20. Bb6 {[#] Strongly threatening Rfd1.} (20. Rbd1 $5 {[%cal Rd1d3]} Qa6 21. Rxd8+ Nxd8 22. Nc3 $14) 20... Re8 21. Rbd1 Qa6 {The position is equal.} 22. Bc5 Be6 23. Bxe7 Rxe7 24. Ng5 (24. Nc5 $5 {[%cal Rc5a6]} Qa5 25. Qg5 $11) 24... Bf5 25. Rd6 Qa3 26. Rfd1 Rf8 27. Bd5 Ne5 28. Bb3 {Threatens to win with g4!} h6 29. Nxf7 $1 Rexf7 30. Qxf5 $1 Qxb3 $1 31. Qxe5 Qxa2 32. R6d2 {Precision: White = 63%, Black = 54%.} (32. R1d2 $5 {[%cal Rd2a2]} Qc4 33. f4 $14) 1/2-1/2